| 000 | 00498nam a2200181 a 4500 | ||
|---|---|---|---|
| 005 | 20140310182405.0 | ||
| 008 | 031128s19uu xx 00 eng d | ||
| 020 | _a97108-5777-0 | ||
| 050 |
_aHD 82 _b.F175 1994 |
||
| 100 | _aFajardo , Feliciano R. | ||
| 245 |
_aEconomic development / _cFeliciano R. Fajardo,. |
||
| 250 | _a3rd edition | ||
| 260 |
_aMandaluyong City : _bNational Book Store, _c1994. |
||
| 300 |
_a388 p. _c22 cm. |
||
| 650 | _aEconomics | ||
| 942 |
_cBK _2lcc |
||
| 999 |
_c12686 _d12686 |
||